Encik Suamiku Hipster / (Record no. 138334)

MARC details
000 -LEADER
fixed length control field 00783nam a2200253 i 4500
001 - CONTROL NUMBER
control field C2-0341252
003 - CONTROL NUMBER IDENTIFIER
control field PPAK
005 - DATE AND TIME OF LATEST TRANSACTION
control field 20221211113035.0
008 - FIXED-LENGTH DATA ELEMENTS--GENERAL INFORMATION
fixed length control field 170313s2015 my g 0 f may d
020 ## - INTERNATIONAL STANDARD BOOK NUMBER
International Standard Book Number 9789670567945
Terms of availability RM00.00
Qualifying information paperback
040 ## - CATALOGING SOURCE
Original cataloging agency PPAK
Language of cataloging eng
Transcribing agency PPAK
Description conventions rda
Modifying agency PPAK
082 04 - DEWEY DECIMAL CLASSIFICATION NUMBER
Classification number 899.2333
Edition number 23
090 00 - LOCALLY ASSIGNED LC-TYPE CALL NUMBER (OCLC); LOCAL CALL NUMBER (RLIN)
Classification number (OCLC) (R) ; Classification number, CALL (RLIN) (NR) 899.2333
Feature heading HAZ
Feature heading G
100 0# - MAIN ENTRY--PERSONAL NAME
Personal name Hazel Jay,
Relator term author.
245 10 - TITLE STATEMENT
Title Encik Suamiku Hipster /
Statement of responsibility, etc. Hazel Jay ; Editor : Jabatan Editorial P2u
264 #1 - PRODUCTION, PUBLICATION, DISTRIBUTION, MANUFACTURE, AND COPYRIGHT NOTICE
Place of production, publication, distribution, manufacture Bandar Tun Hussein Onn, Selangor :
Name of producer, publisher, distributor, manufacturer Penulisan Enterprise,
Date of production, publication, distribution, manufacture, or copyright notice 2015
300 ## - PHYSICAL DESCRIPTION
Extent iii, 485 pages :
Dimensions 18 cm
336 ## - CONTENT TYPE
Source rdacontent
Content type term text
337 ## - MEDIA TYPE
Source rdamedia
Media type term unmediated
338 ## - CARRIER TYPE
Source rdacarrier
Carrier type term volume
650 10 - SUBJECT ADDED ENTRY--TOPICAL TERM
Topical term or geographic name entry element Malay fiction.
710 2# - ADDED ENTRY--CORPORATE NAME
Corporate name or jurisdiction name as entry element Jabatan Editorial P2u,
Relator term editor.
942 ## - ADDED ENTRY ELEMENTS (KOHA)
Koha item type Book
Source of classification or shelving scheme Dewey Decimal Classification
Holdings
Withdrawn Not for loan Current library Shelving location Date acquired Full call number Barcode Date last seen Koha item type Total Checkouts Total Renewals Date last checked out Checked out
    Perpustakaan Alor Setar Pinjaman Dewasa 15/03/2017 899.233 HAZ A01521693 09/05/2018 Book        
    Perpustakaan Alor Setar Pinjaman Dewasa 07/12/2022 899.2333 HAZ A00746753 07/02/2026 Book 1   31/01/2026  
    Perpustakaan Awam Sungai Petani Pinjaman Dewasa 15/03/2017 899.233 HAZ A01521694 19/11/2025 Book 10 1 29/10/2025  
    Perpustakaan Baling Pinjaman Dewasa 15/03/2017 899.233 HAZ A01521699 30/11/2020 Book 11 4 30/11/2020 11/01/2021
    Perpustakaan Jitra Pinjaman Dewasa 15/03/2017 899.233 HAZ A01521695 28/05/2022 Book 3   14/05/2022  
    Perpustakaan Kulim Pinjaman Dewasa 15/03/2017 899.233 HAZ A01521696 30/11/2025 Book 16 2 22/11/2025  
    Perpustakaan Langkawi Pinjaman Dewasa 15/03/2017 899.233 HAZ A01521697 27/11/2024 Book 8 2 17/10/2024  
    Perpustakaan Merbok Pinjaman Dewasa 15/03/2017 899.233 HAZ A01521698 22/07/2023 Book 2   15/07/2023